|
|
|
|
| LEADER |
00000nab#a22000007a#4500 |
| 001 |
arbauad005712 |
| 003 |
AR-BaUAD |
| 005 |
20250711110725.0 |
| 008 |
941003|||||||||###||||||b###|0###a|spa|| |
| 040 |
|
|
|a AR-BaUAD
|c AR-BaUAD
|b spa
|
| 100 |
|
|
|a Cohn, David
|
| 245 |
|
|
|a Formas del horror :
|b Museo del Holocausto, Washington /
|c David Cohn;
|
| 300 |
0 |
|
|b cortes, fot., plantas
|
| 653 |
|
|
|a FREED, JAMES INGO
|
| 653 |
|
|
|a MUSEOS
|
| 653 |
|
|
|a MUSEO DEL HOLOCAUSTO
|
| 653 |
|
|
|a ESTADOS UNIDOS
|
| 653 |
|
|
|a WASHINGTON
|
| 773 |
0 |
|
|t Arquitectura Viva
|g no. 32 [set.-oct. 1993], p. 30-37
|
| 942 |
|
|
|c ARTI
|
| 952 |
|
|
|0 0
|1 0
|4 0
|7 0
|9 50632
|a AR-BAuAD
|b AR-BAuAD
|d 2025-07-11
|l 0
|p AAQA005712
|r 2025-07-11 11:07:25
|w 2025-07-11
|y ARTI
|
| 990 |
|
|
|a AQ199
|b TD
|
| 998 |
|
|
|a AAQ
|b BIBUN76
|
| 999 |
|
|
|c 30305
|d 30305
|